| 000 | 01034cam a22003135a 4500 | ||
|---|---|---|---|
| 001 | 761587 | ||
| 003 | EG-ScBUE | ||
| 005 | 20220517121051.0 | ||
| 008 | 680301s1987 enka f b 000 0 eng d | ||
| 020 | _a9780582523326 | ||
| 020 | _a058252332X | ||
| 040 |
_aEG-ScBUE _beng _erda _cEG-ScBUE _dEG-ScBUE |
||
| 082 | 0 | 4 |
_a428.24 _bALE _222 |
| 100 | 1 |
_aAlexander, L. G., _eauthor. _97357 |
|
| 245 | 1 | 0 |
_aFluency in English : _ban integrated course for advanced students / _cL. G. Alexander. |
| 250 | _aTwenty-first impression. | ||
| 264 | 1 |
_aHarlow, England : _bLongman Group, _c1987. |
|
| 300 |
_axvi, 198 pages : _billustrations ; _c25 cm. |
||
| 336 |
_2rdacontent _atext _btxt |
||
| 337 |
_2rdamedia _aunmediated _bn |
||
| 338 |
_2rdacarrier _avolume _bnc |
||
| 490 | 0 | _aNew concept English | |
| 504 | _aIncludes bibliographical references. | ||
| 650 | 7 |
_aEnglish language _vTextbooks for foreign speakers. _2BUEsh _97358 |
|
| 651 | _2BUEsh | ||
| 653 |
_bHHUUEENN _cAugust2018 |
||
| 655 |
_vReading book _934232 |
||
| 942 |
_2ddc _cBB |
||
| 999 |
_c12150 _d12150 |
||